Library Logo

Pioneer International University Library Catalogue

UNCLE'S JOKE (Record no. 9407)

MARC details
000 -LEADER
fixed length control field 00297nam a22001217a 4500
005 - DATE AND TIME OF LATEST TRANSACTION
control field 20250901165811.0
008 - FIXED-LENGTH DATA ELEMENTS--GENERAL INFORMATION
fixed length control field 250324b |||||||| |||| 00| 0 eng d
050 ## - LIBRARY OF CONGRESS CALL NUMBER
Classification number PR 9408 .W36 2011
245 ## - TITLE STATEMENT
Title UNCLE'S JOKE
Statement of responsibility, etc. WAMITILA K.W
260 ## - PUBLICATION, DISTRIBUTION, ETC.
Place of publication, distribution, etc. NAIROBI
Name of publisher, distributor, etc. MUWA PUBLISHER
Date of publication, distribution, etc. 2011
300 ## - PHYSICAL DESCRIPTION
Extent 88
942 ## - ADDED ENTRY ELEMENTS (KOHA)
Source of classification or shelving scheme Library of Congress Classification
Holdings
Withdrawn status Lost status Source of classification or shelving scheme Damaged status Not for loan Collection Home library Current library Shelving location Date acquired Source of acquisition Total checkouts Full call number Barcode Date last seen Price effective from Koha item type
    Library of Congress Classification       Main Library Main Library   03/24/2025 Donation from KICD   PR 9408 .W36 2011 PIUD0000327 03/24/2025 03/24/2025 Books